Générateur de puzzle - Jeux - Statistiques

Statistiques générales
  • Ce quiz a été pris 8 fois
  • Le résultat moyen est 15 sur 21
Statistiques - réponses
Hint Réponses % Correct
Meilleure carte au poker As
100%
Jeu se jouant sur un plateau de 100 cases noires et blanches Dames
100%
Le 421 est un jeu se jouant avec ces objets Dés
100%
Chanson de Lady Gaga éponyme d'une série de jeux vidéo Just {Dance}
100%
La 63ème est synonyme de victoire au jeu de l'oie Case
88%
Ce que sont Diablo, Baal et Mephisto dans Diablo Démons
88%
Console de Nintendo sortie en 2004 DS
88%
Film de Soderbergh où une équipe cambriole un casino {Ocean}'s Eleven
88%
Ce qu'il faut payer pour sortir de prison au Monopoly Amende
75%
Acteur y jouant Linus Caldwell Matt Damon
75%
Une manche de Time's up en est composée de 30 Seconde
75%
Codenames
63%
Version restreinte d'un jeu vidéo à des fins promotionnelles Démo
63%
Greffon implémenté à un jeu vidéo y rajoutant des fonctionnalités Mod
63%
Monopoly ayant Montréal pour propriété la plus chère Monopoly {Monde}
63%
Console de Nintendo sortie en 1983 NES
63%
Une des plus grandes sociétés françaises de jeu de société Asmodée
50%
Studio de jeux vidéo ayant développé TrackMania Nadeo
50%
2ème division européenne de la scène de League of Legends {EMEA} Masters
25%
Société japonaise ayant produit Pac-Man et Tekken Namco
25%
Personnage de League of Legends muette, virtuose de la harpe Sona
13%
Aucun quiz correspondant
Distribution des résultats
% des personnes avec chaque résultat
Percentile par nombre de réponses
Votre historique - résultats
Vous n’avez pas pris ce quiz